| 000 | 00754nas a2200253 4500 | ||
|---|---|---|---|
| 001 | BR0704078 | ||
| 003 | BR-BrBNA | ||
| 005 | 20231205111056.0 | ||
| 007 | ta | ||
| 008 | 230509b bl.|||p| |||| 00| 00por d | ||
| 040 |
_aBR-BrBNA _bpor _cBiblioteca Nacional de Agricultura |
||
| 041 | _a(Pt) | ||
| 072 | _aH10 | ||
| 100 | 1 | _aRodrigues Netto, S.M. | |
| 100 | 1 | _aCampos, T.B. de | |
| 245 | 1 | _aPrimeira ocorrência de Conoderus scalaris (Coleoptera:Elateridae)na cultura do gengibre | |
| 650 | _aGENGIBRE | ||
| 650 | _aRIZOMA | ||
| 650 | _aPRAGA DE PLANTA | ||
| 650 | _aINSETO | ||
| 773 | 0 |
_tEcossistema (Brazil) _xISSN 0100-4107 _g(Aug-Dec 2000), v. 25(2) p. 219 _wBR0704078 |
|
| 909 |
_a202311 _bLúcia _c55 _dLúcia Elande |
||
| 942 |
_2AGRIS _n0 _cANA |
||
| 999 |
_c190502 _d190502 |
||